000 00682nam a22002177a 4500
005 20250213153636.0
010 _aENG-143716
020 _a9789380607931
_c115.00
035 _aEN-116959
035 _aEN-127248
037 _bDBAD
082 _a880.3
100 _aKumari, Radha .K
_977557
245 _aA Concise history of English literature and language/
_cBy K. Radha Kumari
260 _aMukherjee nagar
_bPrimus books
_c2013
270 _aGulmohar park,
_bNew Delhi
_e110049
300 _a220p.
_bConclusion, Reference
_c22cm(pbk)
700 _aSahu, G P
_eAuthor
_977415
700 _aGollamudi, Prabhu
_eAuthor
_977416
942 _2ddc
_cEN
_h880.3
_mKUM
999 _c208946
_d208946